000
00304nam a2200121Ia 4500
008
220204s9999 xx 000 0 und d
082
_a
332.021.8(540)
_b
SHA
100
_a
Malhotra, S L
245
0
_a
Integrated rural development
260
_a
Delhi
_b
Abhinav
_c
1977
700
_a
Sharma, S K
942
_c
BK
999
_c
28328
_d
28328